00245 a2200121 4500001000700000020000600007040001100013100003500024240002600059245002100085362000900106440000800115164297 a  cMagnum aFerreira, Jose Roberto Martins10aHistoria/7 serielpor10aHistoria/7 serie0 a1899 1aFTD